000 00649nam a2200253Ia 4500
003 OSt
005 20220918164258.0
006 a|||||r|||| 00| 0
007 ta
008 220917b |||||||| |||| 00| 0 eng d
020 _a0521245435
024 _a37,876
037 _cTextual
040 _aARTS
_cARTS
_beng
041 _2eng
_aeng
082 _aO13,2C50,16, 111M2
100 _aSophocles
245 0 _aOedipus rex ed by R D Dawe
260 _aCambridge
_bCUP
_c1982
300 _a260p.
_ccm.
650 _aENGLISH LITERATURE
942 _hO13,2C50,16, 111M2
_cTEXL
_2CC
999 _c123978
_d123978